| 000 | 01827cac a22004215a 4500 | ||
|---|---|---|---|
| 003 | EG-ScBUE | ||
| 005 | 20220519094300.0 | ||
| 006 | m||||f ||h 00| 0 | ||
| 008 | 100505r20052000enka f 001 0 eng d | ||
| 020 | _a052162598X | ||
| 020 | _a0521625971 | ||
| 020 | _a9780521625982 | ||
| 040 |
_aEG-ScBUE _beng _erda _cEG-ScBUE _dEG-ScBUE |
||
| 082 | 0 | 4 |
_a425.076 _bMUR _222 |
| 100 | 1 |
_aMurphy, Raymond, _eauthor. _913810 |
|
| 245 | 1 | 0 |
_aGrammar in use : _bwith answers, _pIntermediate / _cRaymond Murphy with William R. Smalzer. |
| 246 | 3 | 4 |
_aGrammar in use, _bintermediate : a new self-study reference and practice book for learners of English : with answers |
| 246 | 3 | 0 | _aIntermediate |
| 250 | _aTwelfth printing. | ||
| 264 | 1 |
_aCambridge : _bCambridge University Press, _c2005. |
|
| 300 |
_aix, 341 pages : _billustrations ; _c26 cm + _e1 CD |
||
| 336 |
_2rdacontent _atext _btxt |
||
| 336 |
_2rdacontent _asounds _bsnd |
||
| 337 |
_2rdamedia _aunmediated _bn |
||
| 337 |
_2rdamedia _aaudio _bs |
||
| 338 |
_2rdacarrier _avolume _bnc |
||
| 338 |
_2rdacarrier _acomputer disc _bcd |
||
| 500 | _aIncludes index. | ||
| 505 | 0 | _aPresent and past; Present perfect and past; Future; Modals; Conditionals and Wish; Passive; Reported speec; Questions and auxiliary verbs; -Ing and the infinitive; Articles and nouns; Pronounds and determiners; Relative clauses; Adjectives and adverbs; Conjunctions and prepositions; Prepositions. | |
| 520 | _aSound disc contains recordings of sample sentences. | ||
| 650 | 7 |
_aEnglish language _vTextbooks for foreign speakers. _2BUEsh _913811 |
|
| 650 | 7 |
_aEnglish language _xGrammar _vProblems, exercises, etc. _2BUEsh _913812 |
|
| 651 | _2BUEsh | ||
| 653 |
_bHHUUEENN _cOctober2018 |
||
| 655 |
_vReading book _934232 |
||
| 700 | 1 |
_aSmalzer, William R., _eauthor. _913813 |
|
| 942 |
_2ddc _cBB |
||
| 999 |
_c1433 _d1433 |
||